Derecho de familia
Uloženo v:
| Hlavní autor: | |
|---|---|
| Médium: | Kniha |
| Jazyk: | španělština |
| Vydáno: |
Santiago
Jurídica de Chile
1994
|
| Edice: | Manuales Jurídicos, 100
|
| Témata: | |
| Tagy: |
Přidat tag
Žádné tagy, Buďte první, kdo vytvoří štítek k tomuto záznamu!
|
MARC
| LEADER | 00000nam a2200000 a 4500 | ||
|---|---|---|---|
| 001 | UCV3541 | ||
| 003 | CL-VaPUC | ||
| 008 | 930825e19940000CL |||||||||||||||||spa|d | ||
| 082 | 0 | 4 | |a 346.015 |b RAM |2 21 |
| 100 | |a Ramos Pazos, René |e autor |9 297777 | ||
| 245 | 1 | 0 | |a Derecho de familia |
| 300 | |a 573 p | ||
| 942 | |c BK | ||
| 945 | |d 19930825 00:00:00 |a aalvarez | ||
| 260 | |a Santiago |b Jurídica de Chile |c 1994 | ||
| 650 | 0 | |a Derecho de familia |9 255603 | |
| 651 | 7 | |a CHILE |2 CL-VaPUC |9 297778 | |
| 583 | |a last modification |c 20130320 00:02:04 |k Rodrigo Vera | ||
| 490 | 0 | |a Manuales Jurídicos, 100 | |
| 999 | |c 210705 |d 210703 | ||
| 952 | |0 0 |1 0 |4 0 |6 346_015000000000000_RAM_1994 |7 0 |8 A |9 187141 |a BIBDER |b BIBDER |d 2019-11-14 |i 3150321 |l 2 |m 2 |o 346.015 RAM 1994 |p 3150321 |r 2024-05-08 |s 2024-05-07 |w 2019-11-14 |y BK |k DER | ||